00439nam a2200121Ia 4500008004100000100001900041245009300060245004500153260004900198260000900247650001300256856004800269170221s9999 xx 000 0 und d aJohn D. Morgan 4aThe relationship of CPA exam delay after graduation to institutional CPA exam pass rates cJohn D. Morgan, Winona State University. bJournal of Management and Marketing Research c2011 xBusiness uhttp://www.aabri.com/manuscripts/142062.pdf